Statystyki dla Państwo czy państwo?

Kliknij tutaj aby rozwiązać quiz!

Ogólne statystyki

  • Ten quiz został rozwiązany 30 razy
  • Średni wynik to 12 z 15

Statystyki odpowiedzi

ZagadnienieOdpowiedź% Poprawnych
Które państwo powstało po 2000 roku?
100%
Które państwo leży w Afryce?
96%
Nazwa mieszkańca którego państwa kończy się na "yk"?
89%
Które państwo nigdy nie było gospodarzem mistrzostw świata w piłce nożnej mężczyzn?
85%
Które państwo miało najwięcej zgonów w II wojnie światowej?
81%
Które państwo ma koronę jako swoją walutę?
81%
Które państwo ma Arabski jako swój język urzędowy
81%
Które państwo zostało najechane przez Związek Radziecki podczas II wojny światowej?
78%
Które państwo należało do Osi?
78%
Które państwo należy do Unii Europejskiej?
74%
Które państwo jest większe?
74%
Które państwo ma dłuższą linię brzegową?
74%
Które państwo nigdy nie było skolonizowane?
74%
Które państwo ma najwięcej sąsiadów?
70%
Które państwo miało kiedykolwiek kolonie?
63%

Rozkład punktacji

Percentyl według liczby udzielonych odpowiedzi

Procent ludzi z każdym wynikiem

Twoja historia wyników

Nie rozwiązałeś tego quizu